LIBRARY & INFORMATION CENTRE, KCAET, TAVANUR

ONLINE PUBLIC ACCESS CATALOGUE (OPAC)

Polytechnic ganitham / (Record no. 6234)

MARC details
000 -LEADER
fixed length control field 00546cam a2200217ua 4500
041 ## - LANGUAGE CODE
Language code of text/sound track or separate title mal
082 ## - DEWEY DECIMAL CLASSIFICATION NUMBER
Classification number 510.1
Item number HAR/PO
100 ## - MAIN ENTRY--AUTHOR NAME
Personal name Hariharakrishnan, A.
245 ## - TITLE STATEMENT
Title Polytechnic ganitham /
260 ## - PUBLICATION, DISTRIBUTION, ETC. (IMPRINT)
Place of publication Thiruvananthapuram :
Name of publisher State Instititute of Languages ,
Year of publication 1970.
300 ## - PHYSICAL DESCRIPTION
Number of Pages ; .
942 ## - ADDED ENTRY ELEMENTS (KOHA)
Koha item type Books
Holdings
Withdrawn status Lost status Damaged status Home library Current library Date acquired Full call number Accession Number Koha item type
      KAUAET KAUAET 07/04/2012 510.1 14344 Books
      KAUAET KAUAET 07/04/2012 510.1 14346 Books
      KAUAET KAUAET 07/04/2012 510.1 14343 Books
      KAUAET KAUAET 07/04/2012 510.1 14347 Books
      KAUAET KAUAET 07/04/2012 510.1 14345 Books
free website counter